Statistics for 2020 European Championship Goalscorers

Click here to take the quiz!

General Stats

  • This quiz has been taken 23 times
  • The average score is 38 of 80

Answer Stats

CountryGoalsPlayer% Correct
Croatia1Luka Modric
100%
Belgium4Romelu Lukaku
100%
Portugal5Cristiano Ronaldo
89%
England4Harry Kane
89%
Czech Republic5Patrik Schick
89%
England3Raheem Sterling
83%
Belgium2Thorgan Hazard
83%
Belgium1Kevin De Bruyne
78%
Italy1Leonardo Bonucci
78%
North Macedonia1Goran Pandev
72%
Croatia2Ivan Perisic
72%
Netherlands2Memphis Depay
72%
Wales1Aaron Ramsey
67%
Spain3Alvaro Morata
67%
Italy2Ciro Immobile
67%
France4Karim Benzema
67%
Italy2Lorenzo Insigne
67%
Austria1Marko Arnautovic
67%
Poland3Robert Lewandowski
67%
France1Antoine Griezmann
61%
Italy2Federico Chiesa
61%
Netherlands3Georginio Wijnaldum
61%
Switzerland3Haris Seferovic
61%
England1Harry Maguire
61%
England1Luke Shaw
61%
Switzerland3Xherdan Shaqiri
61%
Denmark2Yussuf Poulsen
61%
Hungary1Adam Szalai
56%
Sweden4Emil Forsberg
56%
Spain2Ferran Torres
56%
Germany2Kai Havertz
56%
Denmark3Kasper Dolberg
50%
Denmark1Martin Braithwaite
50%
Denmark2Mikkel Damsgaard
50%
France1Paul Pogba
50%
Ukraine2Roman Yaremchuk
50%
Ukraine2Andriy Yarmolenko
44%
Netherlands2Denzel Dumfries
44%
Portugal1Diogo Jota
44%
Denmark2Joakim Maehle
44%
Wales1Kieffer Moore
44%
Italy2Manuel Locatelli
44%
Russia1Artem Dzyuba
39%
Spain1Aymeric Laporte
39%
Finland1Joel Pohjanpalo
39%
England1Jordan Henderson
39%
Germany1Leon Goretzka
39%
Croatia1Mislav Orsic
39%
Ukraine1Oleksandr Zinchenko
39%
Germany1Robin Gosens
39%
Belgium1Thomas Meunier
39%
Hungary1Attila Fiola
33%
North Macedonia1Ezgjan Alioski
33%
Italy2Matteo Pessina
33%
Slovakia1Milan Skriniar
33%
Italy1Nicolo Barella
33%
Austria1Sasa Kalajdzic
33%
Austria1Stefan Lainer
33%
Hungary1Andras Schafer
28%
Scotland1Callum McGregor
28%
Austria1Christoph Baumgartner
28%
Croatia1Mario Pasalic
28%
Austria1Michael Gregoritsch
28%
Denmark1Thomas Delaney
28%
Netherlands1Wout Weghorst
28%
Russia1Aleksei Miranchuk
22%
Denmark1Andreas Christensen
22%
Turkey1Irfan Can Kahveci
22%
Switzerland1Mario Gavranovic
22%
Spain1Mikel Oyarzabal
22%
Portugal1Raphael Guerreiro
22%
Ukraine1Artem Dovbyk
17%
Switzerland1Breel Embolo
17%
Spain1Cesar Azpilicueta
17%
Wales1Connor Roberts
17%
Poland1Karol Linetty
17%
Croatia1Nikola Vlasic
17%
Spain2Pablo Sarabia
17%
Czech Republic1Tomas Holes
17%
Sweden1Viktor Claesson
17%

Score Distribution

Percentile by Number Answered

Percent of People with Each Score

Your Score History

You have not taken this quiz